Biología: perspectiva humana
में बचाया:
| मुख्य लेखक: | |
|---|---|
| अन्य लेखक: | |
| स्वरूप: | पुस्तक |
| भाषा: | स्पेनिश |
| प्रकाशित: |
Ciudad de México
McGraw-Hill
1987
|
| विषय: | |
| टैग: |
टैग जोड़ें
कोई टैग नहीं, इस रिकॉर्ड को टैग करने वाले पहले व्यक्ति बनें!
|
MARC
| LEADER | 00000nam a2200000 a 4500 | ||
|---|---|---|---|
| 001 | UCW0438 | ||
| 003 | CL-VaPUC | ||
| 005 | 20240304103210.0 | ||
| 008 | 890905e19870000MX |||||||||||||||||spa|d | ||
| 999 | |c 215600 |d 215598 | ||
| 020 | |a 9684220634 | ||
| 040 | |c Pontificia Universidad Católica de Valparaíso | ||
| 082 | 0 | 4 | |a 570 SHE 1987 |2 21 |
| 100 | 0 | |a Sherman, Irwin W |9 304352 | |
| 245 | 1 | 0 | |a Biología: perspectiva humana |
| 260 | |a Ciudad de México |b McGraw-Hill |c 1987 | ||
| 300 | |a 704 páginas | ||
| 583 | |a last modification |c 19890905 00:00:00 |k Rodrigo Vera | ||
| 650 | 0 | |a Células |9 269548 | |
| 650 | 0 | |a Biología |9 262022 | |
| 650 | 0 | |a Genética humana |9 269609 | |
| 650 | 0 | |a Evolución humana |9 266935 | |
| 700 | 0 | |a Sherman, Vilia G |9 304353 | |
| 942 | |c BK |2 ddc | ||
| 945 | |d 19890905 00:00:00 |a mfernand | ||
| 952 | |0 0 |1 0 |2 ddc |4 0 |6 570_000000000000000_SHE_1987 |7 0 |8 A |9 200015 |a BIBCUR |b BIBCUR |c PAC |d 2019-11-14 |i 4057678 |o 570 SHE 1987 |p 4057678 |r 2025-04-22 |t 5 |w 2019-11-14 |y BK |k BIO | ||